Generic Terms in Latvian Toponymy
| Titel: | Generic Terms in Latvian Toponymy / Sanda Rapa |
|---|---|
| Verfasser: | |
| In: |
Onomastica Uralica, Band 11 (2018), Seite 145-157 alle Artikel anzeigen |
| Veröffentlicht: | 2018 |
| Format: | Aufsatz |
| Sprache: | Englisch |
X
alg: 49456293
001A $03025:09-05-22
001B $01999:09-05-22 $t22:31:27.000
001D $03025:09-05-22
001U $0utf8
001X $00
002@ $0Oou
002C $aText $btxt $2rdacontent
002D $aComputermedien $bc $2rdamedia
002E $aOnline-Ressource $bcr $2rdacarrier
003@ $0494562935
007A $0494562935 $aHEB
009Q $uhttps://mnytud.arts.unideb.hu/onomural/kotetek/ou11/12.pdf $xH
010@ $aeng
010E $erda
011@ $a2018
021A $aGeneric Terms in Latvian Toponymy $hSanda Rapa
028A $BVerfasser $4aut $8Rapa, Sanda [Tnu] $9494562919
031A $d11 $h145-157 $j2018
039B $aEnthalten in $8--Adx--. Onomastica Uralica. - Debrecen {[u.a.] : Kapitális Bt., 2001-. - ISSN 1586-3719 $x201800000110000855 $9227150791
044K $#Lettland $#Lettland $#Latvija $#Latvijas Republika $#Lettische Republik $#Lettische SSR $#Latvijskaja SSR $74074187-4 $8Lettland [Tg1] $9085208876
044K $RNamenkunde $RFlurnamenforschung $#Toponymy $#Toponymie $#Toponimia $#Toponymie $#Toponomastik $#Ortsnamenforschung $#Historische Ortsnamenforschung $#Ortsname Forschung $#Ortsname Namenkunde $74172891-9 $8Ortsnamenkunde [Ts1] $9085800619
045F $a417.7094796 $eDDC23BSB
045F/01 $a417.7
045F/03 $g4796
lok: 49456293 78
exp: 49456293 78 1 #EPN
201B/01 $009-05-22 $t09:37:06.000
201C/01 $009-05-22
201U/01 $0utf8
203@/01 $0120090981X
208@/01 $a09-05-22 $be
209A/01 $a/ $f000 $x00
209A/01 $ab*p $x01
209A/01 $aEnglische Zusammenfassung, Seite 157 $x03
220C/01 $apgar
244Z/01 $#Lettland $#Lettland $#Latvija $#Latvijas Republika $#Lettische Republik $#Lettische SSR $#Latvijskaja SSR $74074187-4 $8--Tg1--Lettland $x01 $9085208876
247C/01 $82080>Marburg/Lahn, Herder-Institut, Forschungsbibliothek, Bibliographieportal $9336309341
| LEADER | 00000caa a2200000 c 4500 | ||
|---|---|---|---|
| 001 | 494562935 | ||
| 003 | DE-603 | ||
| 005 | 20220509223127.0 | ||
| 007 | cr|||||||||||| | ||
| 008 | 220509s2018 xx |||| o| u00||u|eng c | ||
| 035 | |a (DE-599)HEB494562935 | ||
| 040 | |a DE-603 |b ger |c DE-603 |d DE-603 |e rda | ||
| 041 | |a eng | ||
| 082 | 0 | 4 | |8 1\u |a 417.7094796 |q DE-101 |2 23/BSB |
| 085 | |8 1\u |b 417.7 | ||
| 085 | |8 1\u |z 2 |s 4796 | ||
| 100 | 1 | |a Rapa, Sanda |e Verfasser |4 aut |0 (DE-603)494562919 | |
| 245 | 0 | 0 | |a Generic Terms in Latvian Toponymy |c Sanda Rapa |
| 264 | 0 | |c 2018 | |
| 336 | |a Text |b txt |2 rdacontent | ||
| 337 | |a Computermedien |b c |2 rdamedia | ||
| 338 | |a Online-Ressource |b cr |2 rdacarrier | ||
| 650 | 7 | |a Ortsnamenkunde |0 (DE-588)4172891-9 |0 (DE-603)085800619 |2 gnd | |
| 651 | 7 | |a Lettland |0 (DE-588)4074187-4 |0 (DE-603)085208876 |2 gnd | |
| 773 | 0 | 8 | |i Enthalten in |t Onomastica Uralica |d Debrecen [u.a.] : Kapitális Bt., 2001- |x 1586-3719 |g Band 11 (2018), Seite 145-157 |w (DE-603)227150791 |w (DE-600)2076140-5 |
| 856 | |u https://mnytud.arts.unideb.hu/onomural/kotetek/ou11/12.pdf |x Verlag | ||
| 924 | 1 | |9 2080 |a (DE-603)120090981X |b DE-2080 |c HES |d d |g / | |


